e-Business: Roadmap for success

Saved in:
Bibliographic Details
Main Author: Kalakota, Ravi
Format: Book
Language:Undetermined
Published: Reading, MA Addison-Wesley 1999
Subjects:
Tags: Add Tag
No Tags, Be the first to tag this record!
Institutions: Trung tâm Học liệu Trường Đại học Cần Thơ
LEADER 00538nam a2200205Ia 4500
001 CTU_128287
008 210402s9999 xx 000 0 und d
020 |c 1014000 
082 |a 658.054678 
082 |b K14 
100 |a Kalakota, Ravi 
245 0 |a e-Business: 
245 0 |b Roadmap for success 
245 0 |c Ravi Kalakota and Marcia Robinson 
260 |a Reading, MA 
260 |b Addison-Wesley 
260 |c 1999 
650 |a Electronic commerce 
904 |i Minh 
980 |a Trung tâm Học liệu Trường Đại học Cần Thơ